01283nam a2200313Ia 4500001001200000003000800012006001900020007001500039008004100054010001700095020002600112020002500138020002600163040002100189035002100210050002300231082001700254100002500271245014400296260004500440300002400485504005100509533015200560650004600712650002500758655002900783700003100812856012600843ebr10446646CaPaEBRm u cr cn|||||||||100921s2011 enka sb 001 0 eng d z 2010037269 z9780470697252 (cloth) z9780470977057 (ePDF) z9780470977064 (ebook) aCaPaEBRcCaPaEBR a(OCoLC)70592927614aQE508b.Y85 2011eb04a535/.3562221 aYukihara, Eduardo G.10aOptically stimulated luminescenceh[electronic resource] :bfundamentals and applications /cEduardo G. Yukihara and Stephen W.S. McKeever. aChichester, West Sussex :bWiley,c2011. axvi, 362 p. :bill. aIncludes bibliographical references and index. aElectronic reproduction.bPalo Alto, Calif. :cebrary,d2011.nAvailable via World Wide Web.nAccess may be limited to ebrary affiliated libraries. 0aOptically stimulated luminescence dating. 0aRadiation dosimetry. 7aElectronic books.2local1 aMcKeever, S. W. S.,d1950-40uhttp://site.ebrary.com/lib/rucke/Doc?id=10446646zAn electronic book accessible through the World Wide Web; click to view